<?xml version="1.0" encoding="UTF-8"?>
<record
    xmlns:xsi="http://www.w3.org/2001/XMLSchema-instance"
    xsi:schemaLocation="http://www.loc.gov/MARC21/slim http://www.loc.gov/standards/marcxml/schema/MARC21slim.xsd"
    xmlns="http://www.loc.gov/MARC21/slim">

  <leader>01069nam a2200205 a 4500</leader>
  <controlfield tag="001">ASIN0521429153</controlfield>
  <controlfield tag="005">20150914164829.0</controlfield>
  <controlfield tag="008">150914s1993    xxu                 eng d</controlfield>
  <datafield tag="020" ind1=" " ind2=" ">
    <subfield code="a">0521429153 (paperback)</subfield>
    <subfield code="c">$54.99</subfield>
  </datafield>
  <datafield tag="020" ind1=" " ind2=" ">
    <subfield code="a">9780521429153 (paperback)</subfield>
  </datafield>
  <datafield tag="100" ind1="1" ind2=" ">
    <subfield code="a">Booth, Vernon.</subfield>
  </datafield>
  <datafield tag="245" ind1="1" ind2="0">
    <subfield code="a">Communicating in science :</subfield>
    <subfield code="b">writing a scientific paper and speaking at scientific meetings /</subfield>
    <subfield code="c">Vernon Booth.</subfield>
  </datafield>
  <datafield tag="250" ind1=" " ind2=" ">
    <subfield code="a">2nd ed.</subfield>
  </datafield>
  <datafield tag="260" ind1=" " ind2=" ">
    <subfield code="a">[S.l.] :</subfield>
    <subfield code="b">Cambridge University Press,</subfield>
    <subfield code="c">1993.</subfield>
  </datafield>
  <datafield tag="300" ind1=" " ind2=" ">
    <subfield code="a">96 p. ;</subfield>
    <subfield code="c">23 cm.</subfield>
  </datafield>
  <datafield tag="490" ind1="1" ind2=" ">
    <subfield code="a">2nd edition.</subfield>
  </datafield>
  <datafield tag="520" ind1=" " ind2=" ">
    <subfield code="a">This concise, straightforward book will help workers in all scientific disciplines to present their results effectively. Chapters include: "Writing a Scientific Paper" "Before You Lecture or Talk to Us, Please Read This" "Empty Numbers" "Preparation of the Script and Figures" "For Those to Whom English is a Foreign Language" "Preparation of a Doctoral Dissertation or Thesis"</subfield>
  </datafield>
  <datafield tag="830" ind1=" " ind2="0">
    <subfield code="a">2nd edition.</subfield>
  </datafield>
  <datafield tag="856" ind1="4" ind2="0">
    <subfield code="3">Amazon.com</subfield>
    <subfield code="u">http://www.amazon.com/exec/obidos/ASIN/0521429153/chopaconline-20</subfield>
  </datafield>
  <datafield tag="999" ind1=" " ind2=" ">
    <subfield code="c">2106</subfield>
    <subfield code="d">2106</subfield>
  </datafield>
  <datafield tag="952" ind1=" " ind2=" ">
    <subfield code="0">0</subfield>
    <subfield code="1">0</subfield>
    <subfield code="7">0</subfield>
    <subfield code="8">NFIC</subfield>
    <subfield code="a">IC</subfield>
    <subfield code="b">IC</subfield>
    <subfield code="c">GEN</subfield>
    <subfield code="d">2015-09-14</subfield>
    <subfield code="l">0</subfield>
    <subfield code="o">808.0665 BOO</subfield>
    <subfield code="p">004091</subfield>
    <subfield code="r">2015-09-14 00:00:00</subfield>
    <subfield code="w">2015-09-14</subfield>
    <subfield code="y">REF</subfield>
  </datafield>
</record>
